00385nam a2200133 a 45000010010000000030011000100080041000210350026000620820016000881000023001042450053001272600045001806500026002250000-8875ELIB.Books110520 1956  a(ELIB.Books)0000-9022 a922.6 bAnd aAnderson, Courtney aTo the Golden Shore: the life of Adoniram Judson bBoston: Little, Brown and Company c1956 aGeography and History